| 000 | 00569nam a2200181 i 4500 | ||
|---|---|---|---|
| 001 | 101254 | ||
| 003 | ES-MaACL | ||
| 005 | 20230906182846.0 | ||
| 007 | t| | ||
| 008 | 051017s1958 sp ||||1| spa d | ||
| 100 | 1 |
_aMáximo del Cosso, Celso. _979307 |
|
| 245 | 1 | 0 |
_aMecanismos _b: (cálculo y construcción) / _cpor Celso Máximo del Cosso; prólogo de Manuel Lucini. |
| 250 | _a3ª ed. rev. y aum. | ||
| 260 |
_aMadrid : _bDossat, _c1958. |
||
| 300 |
_aXX, 640 p. : _bil. ; _c26 cm. |
||
| 700 | 1 |
_aLucini, Manuel. _974586 |
|
| 852 |
_aES-MaACL _jC-16863 _bR.45150 |
||
| 999 |
_c101254 _d101254 |
||